[Event "SUI-chT"]
[Site "Switzerland"]
[Date "1997.03.23"]
[Round "?"]
[White "Sadeghi, Hassan Roger"]
[Black "Donev, Ivo Hristov"]
[Result "0-1"]
[WhiteElo "2220"]
[BlackElo "2420"]
[PlyCount "56"]
[EventDate "1997.??.??"]
[EventType "team-tourn"]
[EventRounds "9"]
[EventCountry "SUI"]
[SourceTitle "CBM 059"]
[Source "ChessBase"]
[SourceDate "1997.08.01"]
[SourceVersion "1"]
[SourceVersionDate "1997.08.01"]
[SourceQuality "1"]

1. Nf3 d5 2. c4 e6 3. d4 Nf6 4. Nc3 Be7 5. Bf4 0-0 6. e3 b6 7. Qc2 Bb7 8. cxd5 Nxd5 9. Bd3 Nxf4 10. Bxh7+ Kh8 11. exf4 f5 12. Bg6 Bxf3 13. gxf3 Rf6 14. Rg1 Nd7 15. h4 Nf8 16. h5 Qxd4 17. Ne2 Qd5 18. Qxc7 Bb4+ 19. Kf1 Bd6 20. Qc3 Rd8 21. Rg5 Qb5 22. Rd1 Be5 23. Qxe5 Rxd1+ 24. Kg2 Qxe5 25. fxe5 Nxg6 26. exf6 Nh4+ 27. Kg3 gxf6 28. Kxh4 Rh1+ 0-1

[Event "Goetzis IM 4th"]
[Site "Goetzis"]
[Date "1997.??.??"]
[Round "5"]
[White "Amann, Guenter"]
[Black "Donev, Ivo Hristov"]
[Result "1/2-1/2"]
[WhiteElo "2280"]
[BlackElo "2410"]
[PlyCount "24"]
[EventDate "1997.09.??"]
[EventType "tourn"]
[EventRounds "9"]
[EventCountry "AUT"]
[EventCategory "4"]
[SourceTitle "EXT 1998"]
[Source "ChessBase"]
[SourceDate "1997.11.17"]
[SourceVersion "1"]
[SourceVersionDate "1997.11.17"]
[SourceQuality "1"]

1. c4 e6 2. Nf3 d5 3. d4 Nf6 4. g3 dxc4 5. Bg2 c5 6. 0-0 Nc6 7. Ne5 Nxe5 8. dxe5 Qxd1 9. Rxd1 Nd5 10. Na3 Be7 11. Nxc4 0-0 12. Nd6 Rd8 1/2-1/2

[Event "Graz-chT"]
[Site "Graz"]
[Date "1997.??.??"]
[Round "?"]
[White "Donev, Ivo Hristov"]
[Black "Bukal, Vladimir Sr"]
[Result "1-0"]
[WhiteElo "2420"]
[BlackElo "2400"]
[PlyCount "93"]
[EventDate "1997.??.??"]
[EventType "team"]
[EventRounds "9"]
[EventCountry "AUT"]
[SourceTitle "CBM 058"]
[Source "ChessBase"]
[SourceDate "1997.06.01"]
[SourceVersion "1"]
[SourceVersionDate "1997.06.01"]
[SourceQuality "1"]

1. e4 e6 2. d4 d5 3. Nd2 Nf6 4. e5 Nfd7 5. f4 c5 6. Ngf3 Nc6 7. Bd3 g6 8. 0-0 Qb6 9. dxc5 Nxc5 10. Kh1 Nxd3 11. cxd3 Bd7 12. Nb3 a5 13. Qe2 Rd8 14. Be3 d4 15. Bf2 a4 16. Nbd2 Be7 17. Ne4 0-0 18. Bh4 Bxh4 19. Nxh4 Ne7 20. Nf6+ Kg7 21. Rf3 Bc6 22. Rh3 Rh8 23. Rf1 Nd5 24. f5 exf5 25. Nxf5+ gxf5 26. Qh5 h6 27. Qxf5 Qc7 28. Nxd5 Bxd5 29. Qf6+ Kf8 30. Qxh8+ Ke7 31. Qf6+ Kd7 32. Qxf7+ Bxf7 33. Rxf7+ Kc8 34. Rxc7+ Kxc7 35. Rxh6 Rd5 36. Rh4 Rb5 37. Rxd4 Rxb2 38. h4 Rxa2 39. h5 b5 40. h6 a3 41. h7 Ra1+ 42. Kh2 a2 43. Rd7+ Kxd7 44. e6+ Ke7 45. h8Q Rf1 46. Qg7+ Kxe6 47. Qg8+ 1-0

[Event "Landesliga Nord 9798"]
[Site "Bayern"]
[Date "1997.??.??"]
[Round "?.1"]
[White "Donev, Ivo Hristov"]
[Black "Bunk, Karsten"]
[Result "1-0"]
[WhiteElo "2400"]
[BlackElo "2085"]
[PlyCount "77"]
[EventDate "1997.10.19"]
[EventType "team-tourn"]
[EventRounds "9"]
[EventCountry "GER"]
[SourceTitle "EXT 2020"]
[Source "ChessBase"]
[SourceDate "2019.10.17"]
[SourceVersion "1"]
[SourceVersionDate "2019.10.17"]
[SourceQuality "1"]
[WhiteTeam "Regensburg DJK II"]
[BlackTeam "Nuernberg Sued SW"]
[WhiteTeamCountry "GER"]
[BlackTeamCountry "GER"]

1. e4 e5 2. Nf3 Nc6 3. Bb5 a6 4. Bxc6 dxc6 5. Nc3 f6 6. d4 exd4 7. Qxd4 Qxd4 8. Nxd4 c5 9. Nde2 Be6 10. Nf4 Bf7 11. Nfd5 Bd6 12. Bf4 Bxf4 13. Nxf4 Ne7 14. 0-0-0 Rd8 15. Rxd8+ Kxd8 16. Rd1+ Kc8 17. f3 Rd8 18. Rxd8+ Kxd8 19. Kd2 Kd7 20. a3 Nc6 21. Nd1 Ne5 22. Ne3 c6 23. Nd3 Nxd3 24. Kxd3 Be6 25. f4 Kd6 26. h4 a5 27. g4 h6 28. Ke2 c4 29. c3 b5 30. Kf3 c5 31. h5 b4 32. Nf5+ Bxf5 33. gxf5 Kc6 34. a4 Kd6 35. Ke3 b3 36. Kf3 Kc6 37. e5 fxe5 38. fxe5 Kd5 39. Kf4 1-0

[Event "SUI-chT"]
[Site "Switzerland"]
[Date "1997.??.??"]
[Round "?"]
[White "Donev, Ivo Hristov"]
[Black "Kraehenbuehl, Gerhard"]
[Result "1-0"]
[WhiteElo "2420"]
[BlackElo "2270"]
[PlyCount "81"]
[EventDate "1997.??.??"]
[EventType "team-tourn"]
[EventRounds "9"]
[EventCountry "SUI"]
[SourceTitle "EXT 1999"]
[Source "ChessBase"]
[SourceDate "1998.11.16"]
[SourceVersion "1"]
[SourceVersionDate "1998.11.16"]
[SourceQuality "1"]

1. e4 c5 2. Nc3 Nc6 3. g3 g6 4. Bg2 Bg7 5. d3 d6 6. Be3 e6 7. Qd2 Rb8 8. Nf3 Nd4 9. Bxd4 cxd4 10. Nb5 Qb6 11. Qb4 Kd7 12. e5 dxe5 13. Nd2 a5 14. Qa4 Ne7 15. Nd6+ Nc6 16. Nxf7 Rf8 17. Nd6 Qb4 18. Bxc6+ bxc6 19. Qxb4 Rxb4 20. N2c4 a4 21. Ne4 Kc7 22. b3 Ba6 23. Ke2 Bxc4 24. dxc4 a3 25. Rad1 h6 26. Rd3 Rbb8 27. Rb1 Rf7 28. b4 Ra8 29. Rbb3 Rb8 30. Rxa3 Bf8 31. Ra7+ Rb7 32. Rxb7+ Kxb7 33. Ra3 Kb8 34. Ra4 Rb7 35. a3 h5 36. Ra5 Bh6 37. Rxe5 Bc1 38. Rxe6 Bxa3 39. Nc5 Rg7 40. Rxc6 Re7+ 41. Re6 1-0

[Event "Goetzis IM 4th"]
[Site "Goetzis"]
[Date "1997.??.??"]
[Round "6"]
[White "Donev, Ivo Hristov"]
[Black "Stanojevic, Stanimir"]
[Result "1-0"]
[WhiteElo "2410"]
[BlackElo "2110"]
[PlyCount "73"]
[EventDate "1997.09.??"]
[EventType "tourn"]
[EventRounds "9"]
[EventCountry "AUT"]
[EventCategory "4"]
[SourceTitle "EXT 1998"]
[Source "ChessBase"]
[SourceDate "1997.11.17"]
[SourceVersion "1"]
[SourceVersionDate "1997.11.17"]
[SourceQuality "1"]

1. e4 c5 2. g3 g6 3. Bg2 Bg7 4. d3 d6 5. f4 e6 6. Nf3 Nc6 7. 0-0 Nge7 8. c3 0-0 9. Be3 f5 10. Na3 Rb8 11. exf5 gxf5 12. d4 Nd5 13. Bf2 b6 14. Re1 Re8 15. Ng5 cxd4 16. Nxe6 Bxe6 17. Rxe6 Rxe6 18. Bxd5 Qd7 19. Qb3 Rbe8 20. Qb5 Nb8 21. Re1 Kf7 22. Bxe6+ Rxe6 23. Qxf5+ Ke7 24. Rxe6+ Qxe6 25. Qxh7 Kf8 26. cxd4 Nc6 27. Qd3 Qxa2 28. Nc4 Qa6 29. Qf5+ Ke7 30. Ne3 Nb4 31. Qg6 Bf8 32. Nf5+ Kd7 33. Qf7+ Kc6 34. d5+ Nxd5 35. Nd4+ Kc5 36. Nc2+ Kc4 37. Ne3+ 1-0